Normal view
MARC view
- العصافير-الزرد-الامراض-علاج
Entry Topical Term
001 - CONTROL NUMBER
- control field: 10479
003 - CONTROL NUMBER IDENTIFIER
- control field: JO-AjAnu
005 - DATE AND TIME OF LATEST TRANSACTION
- control field: 20230606072001.0
008 - FIXED-LENGTH DATA ELEMENTS
- fixed length control field: 230606|| aca||aabn | a|a d
040 ## - CATALOGING SOURCE
- Original cataloging agency: JO-AjAnu
- Transcribing agency: JO-AjAnu
150 ## - HEADING--TOPICAL TERM
- Topical term or geographic name entry element: العصافير-الزرد-الامراض-علاج
670 ## - SOURCE DATA FOUND
- Source citation: Work cat.: (JO-AjAnu)5394: محمد ، ثائر عباس , author 10478, عصافير الزرد : اصلها.. تربيتها اساليب تكاثرها امراض وطرق معالجتها